000 00504 a2200205 4500
005 20260412110742.0
008 260410b |||||||| |||| 00| 0 eng d
020 _a9781119490951
_c$ 94.95
040 _aMAIN
082 _a641.57
_bC897P(10)
100 _aCulinary Institute of America
245 _aProfessional chef
250 _a10th
260 _bWiley India
_c2024
_aCroydon
300 _av.
650 _aHotel Management
650 _aFood and Drink
650 _aCooking
942 _cBK
999 _c395633
_d395633